| 000 | 00635nam a22002177i 4500 | ||
|---|---|---|---|
| 003 | URS | ||
| 005 | 20230328122922.0 | ||
| 040 | _curs | ||
| 050 | 1 | 4 | _aLB 1027.5 K36 1974 |
| 100 |
_aKapunan, Rocio Reyes _eauthor |
||
| 245 |
_aFundamentals of guidance and counseling _cRocio Reyes Kapunan |
||
| 250 | _aRevised edition | ||
| 264 | 1 |
_aManila: _bRex publishing, _c1974. |
|
| 300 |
_aviii, 169 pages; _c22 cm. |
||
| 336 |
_atext _btxt _2rdacontent |
||
| 337 |
_aunmediated _bn _2rdamedia |
||
| 338 |
_avolume _bnc _2rdacarrier |
||
| 650 | 0 |
_aEducational counseling _93456 |
|
| 650 | 0 |
_aPersonnel service in education. _9348 |
|
| 942 |
_cF _2lcc |
||
| 999 |
_c3807 _d3807 |
||